000 01947cam a22004694i 4500
003 PE-LiUPU
005 20250731173410.0
008 150706s1988 flu r 000 0 spa d
020 _a9780829709964
035 _a(Sirsi) i9780829709964
040 _aPE-LiUPU
_bspa
_cPE-LiUPU
_erda
049 _aPRUA
082 0 4 _a291
_bD77
_221
100 1 _aDowell , Mc Josh ,
_eautor.
245 1 0 _aEstudio de las sectas /
_cJosh Mc Dowell y Don Stewar.
264 1 _aMiami, Florida :
_bEditorial Vida,
_c1988.
300 _a155 páginas ;
_c22 centímetros
336 _atext
_2rdacontent
337 _aunmediated
_2rdamedia
338 _avolume
_2rdacarrier
505 0 _aLa actitud correcta -- ¿Qué es una secta? -- Características de las sectas -- Las creencias del cristianismo ortodoxo -- La Hare Krishna -- Los estudios de Jehová -- El mormonismo -- La meditación trascendental -- La teosofía -- El EST -- Los niños de Dios -- La Iglesia de la Unificación: los "mooníes" -- El Camino Internacional -- La Iglesia Universal de Dios -- La Ciencia Cristiana -- La Unidad.
526 _aSEG42
526 _aSEG41
526 _aSEG40
526 _aSEG39
526 _aP94
526 _aP87
526 _aP86
526 _aP85
526 _aP77
526 _aP76
526 _aP35
541 _g001-0000544;
650 0 4 _aSectas.
700 1 _aStewart, Don Douglas,
_eautor.
910 _agl
_bjv
_cng
_d20110930
942 _2ddc
_cBOOK
949 _a291 D77
_wDEWEY
_c1
_i63741
_lCCODEBUL1
_mBUL
_p10.00
_r0
_sY
_tBOOK
_u2015-7-6
_xTEOLOGIA
_PP35
_o.STAFF. Colección Teología
994 _aC0
_bPEPRU
596 _a1
999 _a291 D77
_wDEWEY
_c52635
_i63741
_d52635
_e2016-10-17
_f2021-11-11
_g5
_lCCODEBUL1
_mBUL
_n2
_p10.00
_r0
_sY
_tBOOK
_u2015-7-6
_xTEOLOGIA
_PP35
_0COMPRA
_o.STAFF. Colección Teología
980 _81
_gALBERTO SANCHEZ Responsable de Automatización